Famous Buildings From Above - Statistics

General Stats
  • This quiz has been taken 57 times
  • The average score is 5 of 16
Answer Stats
Picture Answer % Correct
The Pentagon
96%
Great Pyramid of Giza
70%
The Colosseum
54%
Palace of Versailles
48%
Hagia Sophia
46%
The Forbidden City
34%
The Kaaba
30%
Apple Headquarters
28%
The Parthenon
24%
The O2 arena
22%
Louvre Palace
20%
Edinburgh Castle
18%
Reichstag Building
16%
Winter Palace
14%
U.S. Capitol Building
12%
The Astrodome
2%
No matching quizzes found
Score Distribution
Percent of People with Each Score
Percentile by Number Answered
Your Score History
You have not taken this quiz